Información y desarrollo: diálogo entre proveedores y usuarios. Informe de la Reunión sobre Información para el Desarrollo en Latinoamérica y el Caribe /

Guardado en:
Bibliografiske detaljer
Hovedforfatter: Beltrán S., Luis Ramiro
Andre forfattere: Johnson de Vodanovic, Betty
Format: Texto
Udgivet: Bogotá: Publicación del CIID
Fag:
Tags: Tilføj Tag
Ingen Tags, Vær først til at tagge denne postø!

MARC

LEADER 00000 a a2200000 04500
001 15479
003
040
090 |a 016900  
100 |a Beltrán S., Luis Ramiro  
245 |a Información y desarrollo: diálogo entre proveedores y usuarios. Informe de la Reunión sobre Información para el Desarrollo en Latinoamérica y el Caribe /  |c Luis Ramiro Beltrán S. 
260 |a Bogotá:   |b Publicación del CIID  
300 |a 137 p.  
650 |a SERVICIOS DE INFORMACION  
700 |a Johnson de Vodanovic, Betty  
999 |c 14270  |d 14270